Kultúrno-historická topografia a bonita historických sídelných štruktúr

Gespeichert in:
Bibliographische Detailangaben
1. Verfasser: Schwarczová, Anna (Verfasst von)
Format: Buch
Veröffentlicht: Bratislava : STU v Bratislave FA, 1993
Schlagworte:
Tags: Tag hinzufügen
Keine Tags, Fügen Sie das erste Tag hinzu!

MARC

LEADER 00000nam a22000003a 4500
001 stu57950
005 20150617225655.0
008 010525s1993----------------------------d
040 |a STU  |b slo 
041 0
100 1 |a Schwarczová, Anna  |4 aut 
245 1 |a Kultúrno-historická topografia a bonita historických sídelných štruktúr 
260 |a Bratislava :  |b STU v Bratislave FA,  |c 1993 
300 |a 55 s  |c obr 
650 7 |a pamiatky architektonické  |2 stusub 
650 7 |a sídelné štruktúry  |2 stusub 
996 |b 284AB00354  |c A*70 V  |l AAKNST  |s P  |a 0  |w stu57950_0001